|
|
|
|
| LEADER |
01954cas a2200241 a 4500 |
| 001 |
AALejournalIMF016739 |
| 008 |
230101c9999 xx r poo 0 0eng d |
| 020 |
|
|
|c 5.00 USD
|
| 020 |
|
|
|z 9781475565706
|
| 022 |
|
|
|a 1934-7685
|
| 040 |
|
|
|a BD-DhAAL
|c BD-DhAAL
|
| 110 |
2 |
|
|a International Monetary Fund.
|b Middle East and Central Asia Dept.
|
| 245 |
1 |
0 |
|a Pakistan :
|b Tenth Review Under the Extended Arrangement and Request for Modification of Performance Criteria-Press Release; Staff Report; and Statement by the Executive Director for Pakistan.
|
| 264 |
|
1 |
|a Washington, D.C. :
|b International Monetary Fund,
|c 2016.
|
| 300 |
|
|
|a 1 online resource (87 pages)
|
| 490 |
1 |
|
|a IMF Staff Country Reports
|
| 500 |
|
|
|a <strong>Off-Campus Access:</strong> No User ID or Password Required
|
| 500 |
|
|
|a <strong>On-Campus Access:</strong> No User ID or Password Required
|
| 506 |
|
|
|a Electronic access restricted to authorized BRAC University faculty, staff and students
|
| 520 |
3 |
|
|a This paper discusses economic performance status and policy developments of Pakistan. Amid setbacks to structural reform, the authorities have made substantial progress in restoring economic stability. Economic activity continues to strengthen gradually. International reserve buffers are increasing amid a broadly stable current account deficit. However, there are number of risks to the economy. Slower growth in key advanced markets such as China and the Gulf can further erode export competiveness. The Pakistani government is determined to maintain fiscal consolidation in FY 2015/16 and over the medium term. Continued tax administration reforms are important for further improving tax compliance and supporting revenue mobilization.
|
| 538 |
|
|
|a Mode of access: Internet
|
| 830 |
|
0 |
|a IMF Staff Country Reports; Country Report ;
|v No. 2016/094
|
| 856 |
4 |
0 |
|z Full text available on IMF
|u http://elibrary.imf.org/view/journals/002/2016/094/002.2016.issue-094-en.xml
|z IMF e-Library
|